| 000 | 00413nam a22001337a 4500 | ||
|---|---|---|---|
| 005 | 20260316123534.0 | ||
| 008 | 260316b |||||||| |||| 00| 0 eng d | ||
| 040 | _cFLL | ||
| 041 |
_2eng _aeng |
||
| 100 |
_aBhati, Sachin _91132121 |
||
| 245 |
_aAn Analytical Study on Witness & Victim Protection Laws in India _bSafeguarding the Cornerstones of Justice |
||
| 260 |
_aDU _bFaculty of Law _c2024 |
||
| 942 |
_2CC _cDIS |
||
| 999 |
_c1715462 _d1715462 |
||